| 000 | nam a22 a 4500 | ||
|---|---|---|---|
| 999 |
_c56120 _d56120 |
||
| 003 | BLK | ||
| 005 | 20230421165346.0 | ||
| 008 | 180408b bul|||||r ||||||| ||bul|| | ||
| 010 | _aKNG00060097000 | ||
| 040 | _aBLK | ||
| 041 |
_aBUL _cBUL |
||
| 080 |
_aПолитическа теория. Политическа идеология. Политология _b32.01 _z32.01 |
||
| 100 | 1 |
_aСемов, Минчо _eпърви автор _gГенчев, Минчо Семов _9367911 |
|
| 139 |
_aСемов, Минчо _bС 32 |
||
| 245 | 1 | 0 |
_aПолитология _bИзследване _cМинчо Семов; * Минчо Семов Генчев. |
| 257 | _aBGR | ||
| 260 |
_aСофия _bУнив. изд. Св. Климент Охридски _c1993 |
||
| 300 |
_a238 с. _c20 см |
||
| 380 | _a3 | ||
| 500 | _aПълното име на първия авт. е Минчо Семов Генчев. - Библиогр. с. 234-237. | ||
| 650 | 4 |
_aПолитология _9166973 |
|
| 653 | _aполитология | ||
| 700 | 1 |
_aГенчев, Минчо Семов _e* _9286643 |
|
| 852 |
_aЦб 173132 _bЦб |
||
| 856 | 4 |
_qpdf _i0.00 _ldisable |
|
| 856 | 4 |
_qpdf _i0.00 _ldisable |
|
| 942 |
_cKNG _n0 _s1 _01 |
||
| 944 |
_aCR _c13.06.2004 _lф / _kЛюдмила_Стоянова |
||
| 944 |
_aED _c03.07.2014 _lф / |
||
| 999 | _d56120 | ||